| 000 | 00689nam a2200205 a 4500 | ||
|---|---|---|---|
| 001 | 15023 | ||
| 003 | CO-ViMGA | ||
| 008 | 141112s2004 ck r 000 u spa d | ||
| 020 | _a9589176631 | ||
| 040 |
_aCO-ViMGA _bspa _cCO-ViMGA |
||
| 082 | 0 | 4 | _a986.00498 S245 |
| 100 | 1 |
_aSchlegelberger, Bruno _921800 |
|
| 245 | 1 | 0 | _aLos Arhuacos en defensa de su identidad y autonomÃa, resistencia y sincretismo |
| 260 |
_aBtá, _cCeja, _c1995 |
||
| 300 | _a86.p.il. | ||
| 650 | 1 | 4 |
_aARHUACOS - VIDA SOCIAL Y COSTUMBRES - COLOMBIA _921801 |
| 650 | 1 | 4 |
_aCULTURAS INDIGENAS - SANTA MARTA - MAGDALENA - COLOMBIA _921802 |
| 650 | 1 | 4 |
_aINDIOS DE SANTA MARTA - MAGDALENA - COLOMBIA _921803 |
| 942 |
_2ddc _cBK |
||
| 999 |
_c25458 _d25458 |
||